Ján Mazák, zabezpečovanie prostriedky v civilnom procese

Bibliographic Details
Main Author: Vojčík, Peter, 1951- (Author)
Format: Article
Language:Slovak
ISSN:0032-6984
Subjects:

MARC

LEADER 00000nab a2200000 a 4500
001 vtls000666681
003 SK-MaSNL
005 20260304090537.0
008 250425c1998 xo 0 slo
015 |a SNBRB1998/07-17954 
035 |a CLN000018865 
035 |a urn:nbn:sk:snk-ab2a7k 
035 |a (urnnbn)urn:nbn:sk:snk:ar-a020lg 
035 |a (uuid)95fd2233-5afa-4980-9701-64ad5f775040 
040 |a SNKBUCL  |b slo  |c SNKBUCL  |e AACR2 
041 0 |a slo 
044 |a xo  |c SK 
080 |a 347.91/.95(048)  |2 1997 
100 1 |a Vojčík, Peter,  |d 1951-  |4 aut  |9 190741 
245 1 0 |a Ján Mazák, zabezpečovanie prostriedky v civilnom procese  |c Peter Vojčík 
650 0 7 |a právo procesné civilné  |x prostriedky zabezpečovacie  |x monografie  |x recenzie  |2 snkbucl  |9 1381774 
655 7 |a články z novín a časopisov  |2 snkbucl  |9 267496 
773 0 |t Právny obzor  |g Roč. 81, č. 4 (1998), s. 420-421  |x 0032-6984 
787 0 8 |i Rec.:  |a Mazák, Ján  |t Zabezpečovacie prostriedky v civilnom procese  |d Bratislava : Iura edition, 1997  |z 8088715350 
850 |a Slovenská národná knižnica 
852 |a Slovenská národná knižnica 
954 |a odborná, vedecká literatúra pôvodná (slovenská)  |2 lita 
958 |a article27 
958 |a SK 
958 |a OND 
958 |a EUIPO 
992 |a RBX 
999 |c 2811784  |d 2813714